00395nam a2200133Ia 4500003000900000008004100009040003300050041000800083080001200091100002200103245006900125260005100194300001600245LK-CoDNM010623t2004 xxu||||| |||| 00| 1 eng d aLK-CoDNMdLK-CoDNMeLK-CoDNM aeng a33bJAY aS.S. Jayawickrama aThe Ceylon Chamber of Commerce : 1839-2004 A Historical Review b Ceylon Chamber of Commerce a Sri Lankac2004 b199p, 28 cm